000 00204 a2200097 4500
001 3845
100 _aTimoshenko, D
245 _aEngineering mechanics
260 _a
_bMcgrawhill
_c
090 _c3076
_d3076
942 _aNUST-CAE
_cM
_c23069
999 _c238918
_d238918